[Event "Nizhnij Novgorod Dubinin Memorial 22nd"]
[Site "Nizhnij Novgorod"]
[Date "2015.??.??"]
[Round "6"]
[White "Boletsky, Evgeny"]
[Black "Stepanushkin, Alexander"]
[Result "1/2-1/2"]
[WhiteElo "1975"]
[BlackElo "1945"]
[PlyCount "64"]
[EventDate "2015.01.03"]
[EventType "swiss"]
[EventRounds "9"]
[EventCountry "RUS"]
[SourceTitle "CBM 164 Extra"]
[Source "ChessBase"]
[SourceDate "2015.03.02"]
[SourceVersion "1"]
[SourceVersionDate "2015.03.02"]
[SourceQuality "1"]

1. d4 Nf6 2. Nf3 c5 3. d5 b5 4. a4 Qa5+ 5. Bd2 b4 6. c4 g6 7. e3 Ne4 8. Bc1 d6 9. Bd3 f5 10. Bxe4 fxe4 11. Ng5 Bg7 12. Nxe4 Nd7 13. 0-0 Ne5 14. Nbd2 Qa6 15. Ra2 Nxc4 16. b3 Nb6 17. Bb2 Bxb2 18. Rxb2 Bb7 19. Ng5 Nxd5 20. Nc4 Nc7 21. Qg4 Bd5 22. Rc2 Qc8 23. Qg3 h6 24. Nf3 Qf5 25. e4 Bxe4 26. Re1 0-0-0 27. Nh4 Qf6 28. Rce2 g5 29. Rxe4 gxh4 30. Rxh4 Qc3 31. Qg4+ e6 32. Qd1 Qf6 1/2-1/2

[Event "Nizhnij Novgorod Dubinin Memorial 22nd"]
[Site "Nizhnij Novgorod"]
[Date "2015.??.??"]
[Round "7"]
[White "Kozyrev, Daniil"]
[Black "Boletsky, Evgeny"]
[Result "1/2-1/2"]
[WhiteElo "2127"]
[BlackElo "1975"]
[PlyCount "53"]
[EventDate "2015.01.03"]
[EventType "swiss"]
[EventRounds "9"]
[EventCountry "RUS"]
[SourceTitle "CBM 164 Extra"]
[Source "ChessBase"]
[SourceDate "2015.03.02"]
[SourceVersion "1"]
[SourceVersionDate "2015.03.02"]
[SourceQuality "1"]

1. Nf3 Nf6 2. d4 g6 3. g3 Bg7 4. Bg2 0-0 5. 0-0 d6 6. c3 Nbd7 7. Qc2 c6 8. e4 Qc7 9. Nbd2 e5 10. b3 Re8 11. Ba3 d5 12. exd5 Nxd5 13. Rae1 N7f6 14. Rxe5 Bf5 15. Qc1 Ne4 16. Rxe8+ Rxe8 17. Nxe4 Bxe4 18. Re1 Qc8 19. c4 Nc7 20. Bc5 Bxf3 21. Bxf3 Rxe1+ 22. Qxe1 b6 23. Bd6 Qd7 24. Bxc7 Qxc7 25. Qe3 Qd7 26. d5 c5 27. Kg2 1/2-1/2

[Event "Dzerzhinsk-ch"]
[Site "Dzerzhinsk"]
[Date "2014.03.01"]
[Round "6"]
[White "Boletsky, Evgeny"]
[Black "Korobkov, Valentin"]
[Result "1-0"]
[WhiteElo "2011"]
[BlackElo "1911"]
[PlyCount "105"]
[EventDate "2014.02.20"]
[EventType "swiss"]
[EventRounds "8"]
[EventCountry "RUS"]
[SourceTitle "EXT 2016"]
[Source "ChessBase"]
[SourceDate "2015.10.08"]
[SourceVersion "1"]
[SourceVersionDate "2015.10.08"]
[SourceQuality "1"]

1. d4 d5 2. c4 c6 3. Nc3 Nf6 4. Nf3 e6 5. e3 Nbd7 6. Bd3 dxc4 7. Bxc4 b5 8. Bd3 Bb7 9. a3 Be7 10. 0-0 0-0 11. e4 Re8 12. e5 Nd5 13. Nxd5 exd5 14. Bd2 a6 15. Qe1 Nf8 16. Bb4 Ne6 17. Bxe7 Qxe7 18. Bf5 c5 19. Bxe6 fxe6 20. dxc5 Qxc5 21. Rc1 Qb6 22. Qd2 Rac8 23. Qd4 Qd8 24. Rc5 Rxc5 25. Qxc5 Qd7 26. Nd4 Qe7 27. Qxe7 Rxe7 28. Rc1 Kf7 29. b4 Rd7 30. f4 g6 31. Kf2 Re7 32. Ke3 Ke8 33. g3 Kd7 34. Nb3 Bc8 35. Nc5+ Kd8 36. h4 Ra7 37. Nb3 h6 38. h5 gxh5 39. Rh1 Rc7 40. Nd4 Rg7 41. Kf3 Kc7 42. Rxh5 Rg6 43. Rh1 Kd8 44. Nb3 Kd7 45. Nd4 Ke7 46. g4 Kf7 47. f5 exf5 48. gxf5 Rb6 49. e6+ Kg7 50. Rg1+ Kf6 51. Kf4 h5 52. Rg6+ Ke7 53. Ke5 1-0

[Event "Dzerzhinsk-ch"]
[Site "Dzerzhinsk"]
[Date "2014.02.22"]
[Round "2"]
[White "Rjabikina, Viktorija"]
[Black "Boletsky, Evgeny"]
[Result "0-1"]
[WhiteElo "1588"]
[BlackElo "2011"]
[PlyCount "90"]
[EventDate "2014.02.20"]
[EventType "swiss"]
[EventRounds "8"]
[EventCountry "RUS"]
[SourceTitle "EXT 2016"]
[Source "ChessBase"]
[SourceDate "2015.10.08"]
[SourceVersion "1"]
[SourceVersionDate "2015.10.08"]
[SourceQuality "1"]

1. b4 e5 2. Bb2 d6 3. e3 Nf6 4. Nf3 g6 5. Be2 Bg7 6. 0-0 0-0 7. c4 e4 8. Ne1 Be6 9. d3 exd3 10. Bxd3 Nc6 11. a3 Ne5 12. Qc2 a5 13. b5 Nfd7 14. Nd2 Re8 15. Ndf3 Nc5 16. Nxe5 Bxe5 17. Bxe5 dxe5 18. Rd1 Qe7 19. Nf3 f6 20. Be4 Nxe4 21. Qxe4 b6 22. Qc6 Rad8 23. Nd2 Rd6 24. Qf3 Red8 25. Ne4 Rxd1 26. Rxd1 Rxd1+ 27. Qxd1 Bxc4 28. Qa4 Bd5 29. Nc3 Qc5 30. Ne2 Kg7 31. h3 c6 32. bxc6 Qxc6 33. Qxc6 Bxc6 34. Nc3 b5 35. Nd1 Kf7 36. Kf1 Ke6 37. Nb2 f5 38. g3 Bd5 39. Ke2 Bc4+ 40. Kd2 Kd5 41. f3 g5 42. Ke1 h5 43. Kd2 h4 44. gxh4 gxh4 45. Ke1 f4 0-1

[Event "Nizhnij Novgorod Region-ch"]
[Site "Nizhnij Novgorod"]
[Date "2013.10.19"]
[Round "1"]
[White "Boletsky, Evgeny"]
[Black "Hilova, Evelina"]
[Result "1/2-1/2"]
[WhiteElo "2019"]
[BlackElo "1724"]
[PlyCount "36"]
[EventDate "2013.10.19"]
[EventType "swiss"]
[EventRounds "9"]
[EventCountry "RUS"]
[SourceTitle "EXT 2022"]
[Source "ChessBase"]
[SourceDate "2021.10.06"]
[SourceVersion "1"]
[SourceVersionDate "2021.10.06"]
[SourceQuality "1"]

1. d4 Nf6 2. Nf3 c5 3. e3 cxd4 4. exd4 d5 5. c4 g6 6. Nc3 Bg7 7. cxd5 Nxd5 8. Qb3 Nb6 9. Be3 0-0 10. Be2 Be6 11. Qc2 Nc6 12. 0-0 Nb4 13. Qc1 Bf5 14. Nh4 Bd3 15. Nf3 Bf5 16. Nh4 Bd3 17. Nf3 Bf5 18. Nh4 Bd3 1/2-1/2

[Event "Nizhnij Novgorod Region-ch"]
[Site "Nizhnij Novgorod"]
[Date "2013.10.19"]
[Round "5"]
[White "Kriukov, Andrey"]
[Black "Boletsky, Evgeny"]
[Result "1/2-1/2"]
[WhiteElo "1748"]
[BlackElo "2019"]
[PlyCount "96"]
[EventDate "2013.10.19"]
[EventType "swiss"]
[EventRounds "9"]
[EventCountry "RUS"]
[SourceTitle "EXT 2022"]
[Source "ChessBase"]
[SourceDate "2021.10.06"]
[SourceVersion "1"]
[SourceVersionDate "2021.10.06"]
[SourceQuality "1"]

1. Nf3 Nf6 2. c4 g6 3. Nc3 Bg7 4. e4 d6 5. d4 0-0 6. Be2 e5 7. d5 a5 8. 0-0 Na6 9. h3 Qe8 10. Be3 Nh5 11. Nh2 Nf6 12. Qd2 Nc5 13. f3 Nh5 14. Bh6 f5 15. Bxg7 Kxg7 16. exf5 gxf5 17. Rae1 Qg6 18. Bd1 Bd7 19. Bc2 Nf4 20. Kh1 Qg3 21. Rg1 Kh8 22. Ref1 Rg8 23. Ne2 Nxe2 24. Qxe2 Rab8 25. Rb1 b5 26. b3 Qf4 27. Nf1 bxc4 28. bxc4 Rxb1 29. Bxb1 Rb8 30. Ne3 Na4 31. Qd3 Rb2 32. Qa3 e4 33. Bc2 Rb4 34. fxe4 fxe4 35. Rf1 Qe5 36. Bxa4 Rxa4 37. Qb3 Rb4 38. Qd1 Rb2 39. Ng4 Qg7 40. Qe1 Bxg4 41. hxg4 Qh6+ 42. Kg1 Rb8 43. Qxe4 Rf8 44. Qd4+ Kg8 45. Rxf8+ Kxf8 46. Qf2+ Ke7 47. Qb2 Kd7 48. Kf2 Qf4+ 1/2-1/2